00270nam a22000977a 4500008004100000082001700041110001500058245007000073260002100143300000800164230704b xxu||||| |||| 00| 0 eng d a364.1323bWB bWorld Bank ahelping countries Combat bcorruptioncThe role of the World bank bWorld Bankc1997 a70p